FAO environment and energy N.13 Bioenergy for development: technical and environmental dimensions
Đã lưu trong:
| 主要作者: | |
|---|---|
| 格式: | 图书 |
| 语言: | Undetermined |
| 出版: |
Rome
FAO
1994
|
| 主题: | |
| 标签: |
添加标签
没有标签, 成为第一个标记此记录!
|
| Thư viện lưu trữ: | Trung tâm Học liệu Trường Đại học Cần Thơ |
|---|
| LEADER | 00562nam a2200193Ia 4500 | ||
|---|---|---|---|
| 001 | CTU_3703 | ||
| 008 | 210402s9999 xx 000 0 und d | ||
| 082 | |a 363 | ||
| 082 | |b F218/N.13 | ||
| 100 | |a J Woods | ||
| 245 | 0 | |a FAO environment and energy N.13 | |
| 245 | 0 | |b Bioenergy for development: technical and environmental dimensions | |
| 245 | 0 | |c J Woods | |
| 260 | |a Rome | ||
| 260 | |b FAO | ||
| 260 | |c 1994 | ||
| 650 | |a environmental engineering | ||
| 904 | |i Nguyễn Quang Điền, 960530 | ||
| 980 | |a Trung tâm Học liệu Trường Đại học Cần Thơ | ||